000 01003nam a2200277 i 4500
003 DO-SdBNP
005 20240314141654.0
007 ta
008 240314s2023 dr acd 000 j spa d
020 _a9789945624984
040 _aDO-SdBNP
_bspa
_cBNPHU
_erda
082 _bS211
_222
100 _aSánchez Bello, Fabio
_911765
245 1 3 _aMaestras del ajedrez dominicano :
_bde Marvin González a Raydily Rosario Almánzar /
_cFabio Sánchez Bello ; prólogo Rafael Damirón Dickson
264 1 _aSanto Domingo :
_bFR Multiservicios,
_c2023.
300 _a208 páginas,
_bilustraciones, retratos, grafícos
_c24 cm.
336 _2rdacontent
_atexto
_btxt
337 _2rdamedia
_asin mediación
_bn
338 _2rdacarrier
_avolumen
_bnc
500 _aIncluye datos biografícos del autor en las páginas 206-207.
504 _aBibliografía p: 204-205.
590 _aInventariado, 2024/ YL
700 1 _aDamirón Dickson, Rafael
_eprólogo
_985035
910 _aYLockward
942 _2ddc
_cLBS1
999 _c56109
_d56109